LEADER 01164nas 2200373 c 450 001 9911072275203321 005 20240920203239.0 035 $a(swissbib)076299082-41slsp_network 035 $a076299082$9ExL 035 $a(IDSBB)007215255DSV01 035 $a(OCoLC)1159703559$z(OCoLC)1164153687$z(OCoLC)1182541757$z(OCoLC)1182637372 035 $a(EXLCZ)9945849064700041 100 $a20200624a20209999 uy| 101 0 $aeng 135 $aur||||||||||| 181 $ctxt$2rdacontent 182 $cc$2rdamedia 183 $acr$2rdacarrier 200 00$aJournal of advanced military studies 210 1$aQuantico, VA$cMarine Corps University Press$d2020- 215 $aOnline-Ressource 517 1 $aJAMS 606 $aSecurity, International$zUnited States$vPeriodicals 606 $aMilitary education$zUnited States$vPeriodicals 608 $aZeitschrift$2gnd-content 615 0$aSecurity, International 615 0$aMilitary education 676 $a355 712 02$aMarine Corps University$4edt 801 0$bGPO 801 2$bCH-ZuSLS 912 $a9911072275203321 996 $aJournal of advanced military studies$93437052 997 $aUNINA